000 00498nam a2200181Ia 4500
005 20250326125146.0
008 250326s9999 xx 000 0 und d
037 _aTextbook
040 _aFMSL
_beng
_cFMSL
041 _aeng
_2eng
084 _aX:97y7 K5
_qFMSL
100 _aShukla N N
_9128452
245 0 _aCase studies in industrial relations
_cShukla N N
260 _aBombay
_bBombay, Popular
_c1965
300 _a242p
942 _cTB
_hX:97y7 K5
999 _c1276793
_d1276793